إسهامات المراكز الاستكشافية للعلوم فى التكوين العلمى لتلاميذ مرحلة التعليم قبل الجامعى بمصر : (رقم التسجيلة. 78579)

تفاصيل مارك
000 -LEADER
fixed length control field 02696cam a2200337 a 4500
003 - CONTROL NUMBER IDENTIFIER
control field EG-GiCUC
005 - DATE AND TIME OF LATEST TRANSACTION
control field 20250223032624.0
008 - FIXED-LENGTH DATA ELEMENTS--GENERAL INFORMATION
fixed length control field 201105s2020 ua o f m 000 0 ara d
040 ## - CATALOGING SOURCE
Original cataloging agency EG-GiCUC
Language of cataloging ara
Transcribing agency EG-GiCUC
041 0# - LANGUAGE CODE
Language code of text/sound track or separate title ara
049 ## - LOCAL HOLDINGS (OCLC)
Holding library ايداع
097 ## - Thesis Degree
Thesis Level ماجستير
099 ## - LOCAL FREE-TEXT CALL NUMBER (OCLC)
Classification number Cai01.23.02.M.Sc.2020.سو.إ
100 0# - MAIN ENTRY--PERSONAL NAME
Personal name سوزان سعيد سليمان
245 10 - TITLE STATEMENT
Title إسهامات المراكز الاستكشافية للعلوم فى التكوين العلمى لتلاميذ مرحلة التعليم قبل الجامعى بمصر :
Remainder of title دراسة تتبعية /
Statement of responsibility, etc. سوزان سعيد سليمان ؛ إشراف نادية يوسف جمال الدين : إبراهيم الدسوقى عوض الله
246 15 - VARYING FORM OF TITLE
Title proper/short title Contribution of the exploratory centers of science to scientific formation for pre-university students in Egypt :
Remainder of title Follow-up study
260 ## - PUBLICATION, DISTRIBUTION, ETC.
Place of publication, distribution, etc. القاهرة :
Name of publisher, distributor, etc. سوزان سعيد سليمان :
Date of publication, distribution, etc. 2020
300 ## - PHYSICAL DESCRIPTION
Extent 272 ص : (46) ملاحق :
Other physical details صور ؛
Dimensions 25سم
502 ## - DISSERTATION NOTE
Dissertation note اطروحة (ماجستير) - جامعة القاهرة - كلية الدراسات العليا للتربية - قسم أصول التربية
520 ## - SUMMARY, ETC.
Summary, etc. يهدف هذاالبحث إلى تعرف مديإسهام المراكز الاستكشافية للعلوم فى التكوين العلمى لتلاميذ مرحلة التعليم قبل الجامعى بمصر؛ و كيف كان ذلك الإسهام؟ و اتبع البحث الطريقة النوعية فى إجرائه؛ و استخدم المنهج التاريخى و المنهج الاثنوجرافى؛ و استخدمت المقابلة المقننة و شبه المقننة كأداة للبحث؛ و شملت عينة البحث (10) أفراد ممن كانوا يترددون على المراكز الاستكشافية للعلوم أثناء فترة دراستهم فى مرحلة التعليم قبل الجامعى بالإضافة إلى (3) من أولياء أمورهم: و (2) من المشرفين العلميين؛ و أجريت المقابلات فردية و تم جمع البيانات و معالجاتها: و استخلصت النتائج
530 ## - ADDITIONAL PHYSICAL FORM AVAILABLE NOTE
Additional physical form available note صدر ايضا كقرص مدمج
653 #4 - INDEX TERM--UNCONTROLLED
Uncontrolled term إسهامات المراكز الاستكشافية للعلوم
653 #4 - INDEX TERM--UNCONTROLLED
Uncontrolled term التكوين العلمى
653 #4 - INDEX TERM--UNCONTROLLED
Uncontrolled term تلاميذ التعليم قبل الجامعى
700 0# - ADDED ENTRY--PERSONAL NAME
Personal name إبراهيم الدسوقى عوض الله :
Relator term
700 0# - ADDED ENTRY--PERSONAL NAME
Personal name نادية يوسف جمال الدين :
Relator term
856 ## - ELECTRONIC LOCATION AND ACCESS
Uniform Resource Identifier <a href="http://172.23.153.220/th.pdf">http://172.23.153.220/th.pdf</a>
905 ## - LOCAL DATA ELEMENT E, LDE (RLIN)
Cataloger Nazla
Reviser Revisor
905 ## - LOCAL DATA ELEMENT E, LDE (RLIN)
Cataloger Samia
Reviser Cataloger
942 ## - ADDED ENTRY ELEMENTS (KOHA)
Source of classification or shelving scheme Dewey Decimal Classification
Koha item type Thesis
المقتنيات
Source of classification or shelving scheme Not for loan Home library Current library Date acquired Full call number Barcode Date last seen Koha item type Copy number
Dewey Decimal Classification   المكتبة المركزبة الجديدة - جامعة القاهرة قاعة الرسائل الجامعية - الدور الاول 11.02.2024 Cai01.23.02.M.Sc.2020.سو.إ 01010100027642000 22.09.2023 Thesis  
Dewey Decimal Classification   المكتبة المركزبة الجديدة - جامعة القاهرة مخـــزن الرســائل الجـــامعية - البدروم 11.02.2024 Cai01.23.02.M.Sc.2020.سو.إ 01020100027642000 22.09.2023 CD - Rom 27642.CD
Cairo University Libraries Portal Implemented & Customized by: Eng. M. Mohamady Contacts: new-lib@cl.cu.edu.eg | cnul@cl.cu.edu.eg
CUCL logo CNUL logo
© All rights reserved — Cairo University Libraries
CUCL logo
Implemented & Customized by: Eng. M. Mohamady Contact: new-lib@cl.cu.edu.eg © All rights reserved — New Central Library
CNUL logo
Implemented & Customized by: Eng. M. Mohamady Contact: cnul@cl.cu.edu.eg © All rights reserved — Cairo National University Library